Guess the P!nk Music Video by Picture - Statistics

General Stats
  • This quiz has been taken 62 times
  • The average score is 10 of 28
Answer Stats
Picture Answer % Correct
So What
84%
Just Give Me a Reason
57%
What About Us
57%
Lady Marmalade
55%
Just Like Fire
53%
Try
51%
Just Like a Pill
49%
Raise Your Glass
47%
Beautiful Trauma
45%
Cover Me In Sunshine
45%
True Love
45%
Family Portrait
39%
Get The Party Started
39%
Who Knew
37%
Don't Let Me Get Me
35%
Trustfall
35%
F**kin' Perfect
31%
Blow Me (One Last Kiss)
29%
Most Girls
29%
Sober
27%
There You Go
27%
Walk Me Home
27%
Funhouse
25%
Trouble
20%
All I Know So Far
18%
Please Don't Leave Me
16%
Anywhere Away From Here
8%
Revenge
4%
No matching quizzes found
Score Distribution
Percent of People with Each Score
Percentile by Number Answered
Your Score History
You have not taken this quiz